000
00222nam a22000857a 4500
008
161128b xxu||||| |||| 00| 0 eng d
100
_9
1494
_a
Bacon. T
245
_a
The ultimate quitar book
260
_a
America
_b
Master books
_c
1991
999
_c
4219
_d
4219